000 00958nam a2200217 a 4500
001 000311867
003 AM-YeHGA
005 20250618072005.0
008 040224s1927 ai ||||gr|||||||||0|arm|d
040 _aAM-YeHGA
041 0 _aarm
100 1 _aՏերտերյան, Արսեն Հարությունի,
_d1882-1953
_91709
245 1 0 _aՆկատողություններ մեր գյուղագիրների մասին /
_cԱ. Տերտերյան.
260 _aՅերևան :
_bՀամալսարանի հրատ.,
_c1927.
300 _a64 էջ ;
_c26 սմ.
500 _aԱրատատպություն Հ.Ս.Խ.Հ. Պետ. համալս. «Գիտական տեղեկագիր» № 2-3-ից։
650 1 4 _aՀայ գրողների կյանքն ու գործունեությունը
_94515
856 4 1 _uhttp://serials.flib.sci.am/Founders/Terteryan-Nkatoxutyunner/book/index.html#page/1/mode/2up
_yԿարդալ առցանց
942 _2udc
_cBK
090 _c116793
999 _c115449
_d115449